| 000 | 01457nam0a22003131 4500 | ||
|---|---|---|---|
| 001 | rc\3635294 | ||
| 005 | 20130115145120.0 | ||
| 021 |
_aRU _b[72-2355] |
||
| 035 | _a(NLR Aleph) 007826657 | ||
| 090 |
_a7761579 _c7761579 |
||
| 100 | _a20130115d1971 |||y0rusy50 ca | ||
| 101 | 0 | _arus | |
| 102 | _aRU | ||
| 105 | _ay z ||||| | ||
| 200 | 1 |
_aМетодические рекомендации по изучению боковых пород при разведке угольных месторождений _fМ-во геологии СССР. Всесоюз. науч.-исслед. ин-т гидрогеологии и инж. геологии "ВСЕГИНГЕО" |
|
| 210 |
_aМосква _cБ. и. _d1971 |
||
| 215 |
_a54 с. _cграф. _d20 |
||
| 300 | _aНа обороте тит. л. сост.: Б.М. Гамалей, А.М. Данилович, А.К. Кориковская и др. | ||
| 320 | _aСписок лит.: с. 51-53 | ||
| 606 |
_aУгольные месторождения _xИнженерно-геологические исследования _2psbo |
||
| 702 | 1 |
_aГамалей _bБ. М. _4220 |
|
| 702 | 1 |
_aКориковская _bА. К. _4220 |
|
| 702 | 1 |
_aДанилович _bА. М. _4220 |
|
| 712 | 0 | 2 |
_aВНИИ гидрогеологии и инженерной геологии _3RU\NLR\AUTH\883934 |
| 801 | 0 |
_aRU _bNLR _gpsbo |
|
| 801 | 1 |
_aRU _bELAR _2rusmarc |
|
| 852 |
_aNLR _j72-4/4312 |
||
| 942 | _cBOOK | ||
| 980 | _aNB | ||